000 00365nam a2200145Ia 4500
008 240624s9999 xx 000 0 und d
041 _aeng
082 _a020 SEH
100 _aSEHGAL R L
245 _aCOMPUTER BASED INFORMATION PROCESSING TE
260 _c2006
_aNew Delhi
_bEss Ess Publications
300 _a342 : p. : cm. ; 21
365 _cRS
_b20
440 _v2
999 _c8381
_d8381